| 000 | 00733nam a2200253Ia 4500 | ||
|---|---|---|---|
| 008 | 160803s9999 xx 000 0 und d | ||
| 020 | _a0516278991 (pbk.) | ||
| 100 | _aBullock, Linda | ||
| 245 | _aYou can use a balance / | ||
| 245 | _cby Linda Bullock ; consultants, David Larwa, Nanci R. Vargus. | ||
| 260 | _aNew York : | ||
| 260 | _bScholastic Inc. | ||
| 260 | _c2003 | ||
| 300 | _a31 pages : | ||
| 300 | _bcolor illustrations ; | ||
| 300 | _c18 cm. | ||
| 440 | _aRookie read-about science | ||
| 500 | _aIncludes index. | ||
| 650 | _aBalances (Weighing instruments) | ||
| 650 | _aBalances (Weighing instruments) -- | ||
| 650 | _aWeights and measures. | ||
| 650 | _xJuvenile literature. | ||
| 700 | _a300 | ||
| 999 |
_c299492 _d299492 |
||